El amor y la inteligencia emocional / (Registro nro. 3989)
[ vista simple ]
| 000 -LEADER | |
|---|---|
| fixed length control field | 01153nam a2200241Ia 4500 |
| 003 - CONTROL NUMBER IDENTIFIER | |
| control field | OSt |
| 005 - DATE AND TIME OF LATEST TRANSACTION | |
| control field | 20200402181455.0 |
| 008 - FIXED-LENGTH DATA ELEMENTS--GENERAL INFORMATION | |
| fixed length control field | 191128s2006 ck gr 001 0 spa d |
| 020 ## - INTERNATIONAL STANDARD BOOK NUMBER | |
| International Standard Book Number | 9589776701 |
| 040 ## - CATALOGING SOURCE | |
| Original cataloging agency | CO-JMCR |
| Transcribing agency | CO-JMCR |
| 041 0# - LANGUAGE CODE | |
| Language code of text/sound track or separate title | spa |
| 082 04 - DEWEY DECIMAL CLASSIFICATION NUMBER | |
| Classification number | 152.4 / |
| Item number | C824a |
| 100 1# - MAIN ENTRY--PERSONAL NAME | |
| Personal name | Correa Molina, Luz Melva, |
| Relator term | autora |
| 9 (RLIN) | 2463 |
| 245 13 - TITLE STATEMENT | |
| Title | El amor y la inteligencia emocional / |
| Statement of responsibility, etc. | Luz Melva Correa Molina |
| 260 ## - PUBLICATION, DISTRIBUTION, ETC. | |
| Place of publication, distribution, etc. | Bogotá : |
| Name of publisher, distributor, etc. | Trillas, |
| Date of publication, distribution, etc. | 2006 |
| 300 ## - PHYSICAL DESCRIPTION | |
| Extent | 111 páginas ; |
| Dimensions | 24 cm |
| 500 ## - GENERAL NOTE | |
| General note | Incluye bibliografía. |
| 505 ## - FORMATTED CONTENTS NOTE | |
| Formatted contents note | Cerebro emocional -- Las emociones -- Inteligencia emocional -- Inteligencia emocional en la familia -- Educación emocional -- Educación emocional y el amor -- La inteligencia emocional y el medio ambiente -- Algunas prácticas para mejorar el coeficiente |
| 520 ## - SUMMARY, ETC. | |
| Summary, etc. | Este libro está pensando par alcanzar una mayor compresión sobre las emociones propias y ajenas; ofrece alternativas de edad, clase social, género o grado de escolaridad, puede transformar su vida con sólo desearlo, utilizando técnicas apropiadas. |
| 546 ## - LANGUAGE NOTE | |
| Language note | spa |
| 650 14 - SUBJECT ADDED ENTRY--TOPICAL TERM | |
| Topical term or geographic name entry element | Psicología Emociones |
| 9 (RLIN) | 2464 |
| 942 ## - ADDED ENTRY ELEMENTS (KOHA) | |
| Source of classification or shelving scheme | Dewey Decimal Classification |
| Koha item type | Books |
| Withdrawn status | Lost status | Source of classification or shelving scheme | Materials specified (bound volume or other part) | Damaged status | Not for loan | Home library | Current library | Shelving location | Date acquired | Source of acquisition | Cost, normal purchase price | Total Checkouts | Total Renewals | Full call number | Barcode | Date last seen | Date last checked out | Copy number | Price effective from | Koha item type |
|---|---|---|---|---|---|---|---|---|---|---|---|---|---|---|---|---|---|---|---|---|
| Dewey Decimal Classification | Donación--06/08/2018-- | Biblioteca Pública José María del Castillo y Rada | Biblioteca Pública José María del Castillo y Rada | General Stacks | 11/28/2019 | Donación | 0.00 | 2 | 2 | 152.4 / C824a | 201808781 | 05/16/2024 | 03/14/2023 | Ej.1 | 11/28/2019 | Books |